• 首页
  • 本馆介绍
  • 公告通知
  • 最新文献
  • 馆藏检索
  • 电子资源
  • 读者导购
  • 参考咨询
  • 我的图书馆
  • 登录
  • 详细信息显示
  • 放入我的书架
  • 预约/预借图书
  • 作者相关作品
  • 分类相关作品
  • 丛书相关作品
  • 出版社相关作品

书目信息

  • 表格格式
  • 工作单格式
  • 卡片格式
题名:
二野全战事
    
 
作者: 王钟华 著
分册:  
出版信息: 北京   长城出版社  2010
页数: 488页
开本: 25cm
丛书名: 中国人民解放军战事珍闻全纪录丛书
单 册:
中图分类: E297.4
科图分类:
主题词:
电子资源:
ISBN: 978-7-5483-0023-6
000 00793oam2 2200253 45
001 012001003956
005 20140926114741.0
010    @a978-7-5483-0023-6@dCNY79.80
100    @a20101201d2010 em y0chiy50 ea
101 0  @achi
102    @aCN@b110000
105    @ay z 000yy
106    @ar
200 1  @a二野全战事@9er ye quan zhan shi@f王钟华著
210    @a北京@c长城出版社@d2010
215    @a488页@c照片,地图@d25cm
225 2  @a中国人民解放军战事珍闻全纪录丛书
330    @a本书记述了第二野战军的光辉历程,收录了数百幅珍贵历史图片。
461  0 @12001 @a中国人民解放军战事珍闻全纪录丛书
601 02 @a第二野战军@x中国人民解放军军史@j史料
690    @aE297.4@v4
701  0 @a王钟华@9wang zhong hua@4著
801  0 @aCN@b上海新华@c20180901
905    @b1163917-21@dE297.4@e100@f5
    
    二野全战事/王钟华著.-北京:长城出版社,2010
    488页:照片,地图;25cm.-(中国人民解放军战事珍闻全纪录丛书)
    
    
    ISBN 978-7-5483-0023-6:CNY79.80
    本书记述了第二野战军的光辉历程,收录了数百幅珍贵历史图片。
●
相关链接 在E读中查询图书 在五车中查询图书 在当当中查询图书 在豆瓣中查询图书


正题名:二野全战事     索取号:E297.4/100         预约/预借

序号 登录号 条形码 馆藏地/架位号 状态 备注
1 1163917   211639173   第一样本阅览室/ [索取号:E297.4/100] 在馆    
2 1163918   211639182   第一借阅区/ [索取号:E297.4/100] 在馆    
3 1163919   211639191   密集书库-资源管理系/ [索取号:E297.4/100] 在馆    
4 1163920   211639208   第一借阅区/ [索取号:E297.4/100] 在馆    
5 1163921   211639217   第一借阅区/ [索取号:E297.4/100] 在馆    
唐山师范学院图书馆 欢迎您!
大连网信软件有限公司© 版权所有